000 01173nam a22002657a 4500
008 230921s2015 gw |||||o|||| 00| 0 ger d
041 _ager
110 _aRoyal Institution of Chartered Surveyors
245 _aLeistungsverzeichnis Asset Management in Deutschland
_h[Electronic resource]
250 _a2nd
260 _aLondon,
_bRoyal Institution of Chartered Surveyors,
_cJuni 2015
300 _a76p.
490 _aRICS Leitfaden
490 _aRICS Guidance
500 _aThis is the German language version. There is also an English language version
520 _aAsset Management Leistungen; Strategie; Ankaufprofil; Finanzierung; Das Basismodul; Dokumentenmanagement und Datensicherheit; Risikomanagement und Compliance; Auswahl und Steuerung von Dienstleistern; Gesellschaftsmanagement
650 _aASSET MANAGEMENT
650 _aRISK MANAGEMENT
650 _aRISIKOMANAGEMENT
651 _aGermany
690 _96254
_aMachinery and assets
710 _aRoyal Institution of Chartered Surveyors
856 _uhttps://www.rics.org/profession-standards/knowledge-and-information-services
_zPlease email [email protected] for a copy
942 _n0
999 _c121670
_d121670